000 00569nam a2200181Ia 4500
008 151202s9999||||xx |||||||||||||| ||und||
082 _bPNVM-35211
100 _aगोखले ल.ना.
245 _aवाट्टेल ते.
260 _b"महाराष्ट्र साहित्य परिषद,पुणे."
260 _c0
300 _a204
600 _aगोखले ल.ना.
630 _aवाट्टेल ते.
700 _aगोखले ल.ना.
730 _aवाट्टेल ते.
942 _cBOOK
999 _c1301167
_d1301164